Statistics for Retired Hurricane Names

Click here to take the quiz!

General Stats

  • This quiz has been taken 36 times
  • The average score is 13 of 75

Answer Stats

YearAnswer% Correct
2005Katrina
97%
1992Andrew
90%
2005Rita
40%
2004Ivan
37%
2005Wilma
37%
1991Bob
33%
2004Charley
33%
2001Allison
30%
1979David
30%
2011Irene
30%
2010Tomas
30%
1969Camille
27%
2005Dennis
27%
1996Fran
27%
2004Frances
27%
2008Ike
27%
2003Isabel
27%
1954Carol
23%
2007Felix
23%
2005Stan
23%
1972Agnes
20%
1980Allen
20%
2007Dean
20%
1990Diana
20%
1999Floyd
20%
1988Gilbert
20%
1989Hugo
20%
2010Igor
20%
1955Janet
20%
1965Betsy
17%
1979Frederic
17%
2008Gustav
17%
1954Hazel
17%
2004Jeanne
17%
1998Mitch
17%
2007Noel
17%
1983Alicia
13%
1957Audrey
13%
1961Carla
13%
1998Georges
13%
1988Joan
13%
2003Juan
13%
2008Paloma
13%
1995Roxanne
13%
1977Anita
10%
1967Beulah
10%
1964Dora
10%
1968Edna
10%
1985Elena
10%
1974Fifi
10%
1996Hortense
10%
2001Iris
10%
2000Keith
10%
1990Klaus
10%
1999Lenny
10%
1995Marilyn
10%
1964Cleo
7%
1955Connie
7%
1955Diane
7%
2003Fabian
7%
1985Gloria
7%
1966Inez
7%
2002Lili
7%
2001Michelle
7%
1995Opal
7%
1974Carmen
3%
1970Celia
3%
1996Cesar
3%
1960Donna
3%
1975Eloise
3%
1961Hattie
3%
1964Hilda
3%
1955Ione
3%
2002Isidore
3%
1963Flora
0%

Score Distribution

Percentile by Number Answered

Percent of People with Each Score

Your Score History

You have not taken this quiz